Περνάνε και τα πανεπιστήμια εξετάσεις; : διασφάλιση ποιότητας στον Ευρωπαϊκό χώρο της ανώτατης εκπαίδευσης

Saved in:
Bibliographic Details
Main Author: Ρηγάτου, Κωνσταντίνα Π.
Other Authors: Thill, Georges, 1935- (Author of introduction, etc.)
Format: Book
Language:Greek
Published: [Χ.τ.] : Ατραπός, 2002.
Series:Κείμενα παιδείας (Ατραπός) 2
Subjects:
Tags: Add Tag
No Tags, Be the first to tag this record!

MARC

LEADER 00000cam a2200000 i 4500
001 1/36276
008 030604s2002 xx ||| |||| ||gre||
020 |a 9608077060   |q (σετ) 
020 |a 9608077532   |q (τ. 2) 
035 |l 10070033 
040 |a GR-MyUa  |b gre  |e AACR2 
041 0 |a gre 
082 7 |a 378.01   |2 (22) 
100 1 |a Ρηγάτου, Κωνσταντίνα Π. 
245 1 0 |a Περνάνε και τα πανεπιστήμια εξετάσεις; :   |b διασφάλιση ποιότητας στον Ευρωπαϊκό χώρο της ανώτατης εκπαίδευσης /   |c Ντίνα Ρηγάτου ; πρόλογος: Georges Thill. 
260 |a [Χ.τ.] :   |b Ατραπός,   |c 2002. 
300 |a 387 σ. ;   |c 24 εκ. 
490 1 |a (Κείμενα παιδείας / Ατραπός ;   |v 2) 
504 |a Περιέχει βιβλιογραφία. 
650 0 |a Universities and colleges  |z Europe  |x Evaluation. 
650 0 |a Education, Higher  |z Europe  |x Aims and scopes. 
650 0 |a Education, Higher  |x Administration. 
650 0 |a Total quality management in education. 
650 0 |a Universities and colleges  |x Administration. 
700 1 |a Thill, Georges,   |d 1935-  |e aui 
830 0 |a Κείμενα παιδείας (Ατραπός)  |v 2 
852 |a INST  |b LESVOS  |e 20050920  |h 378.01 ΡΗΓ  |p 005100033540  |q 005100033540  |t BK  |y 0 
852 |a INST  |b RHODES  |e 20111219  |h 378.01 ΡΗΓ  |p 005400033883  |q 005400033883  |t BK  |y 0 
852 |a INST  |b RHODES  |e 20120907  |h 378.01 ΡΗΓ  |p 005400034511  |q 005400034511  |t BK  |y 0 
852 |a INST  |b SAMOS  |e 20041004  |h 378.01 ΡΗΓ  |p 005300023958  |q 005300023958  |t BK  |y 0 
852 |a INST  |b SYROS  |e 20030604  |h 378.01 ΡΗΓ  |p 005500000522  |q 005500000522  |t BK  |y 0 
901 |a BIBL3-2004-3 
901 |a BIBL4-2012-3 
901 |a BIBL4-2011-3 
901 |a BIBL5-2003-2 
920 |a Βιβλιοθήκη  |y Ρόδος  |z 2011-12 
920 |b Φοιτητική Μέριμνα  |y Λέσβος  |z 2003-05 
970 |a Κοντού  |b Παρασκευή  |z 04/06/2003